True or False: History Quiz Stats

 Plays Quiz Updated Oct 12, 2018

Challenge
Share
Tweet
Embed
Score 0/30 Timer 04:00
7 Plays Today
Hint True/False % Correct
Henry VIII wife Anne Boleyn was executed???
86.4%
The Magna Carta was signed in Rome???
81.5%
Socrates was sentenced to death???
80.5%
Custer was defeated at Little Bighorn???
78.3%
Nero was the first Roman Emperor???
77.4%
Marie Antoinette was married to Louis XVI???
73.8%
Columbus crossed the Atlantic in the Mary Rose???
73.3%
Napoleon Bonaparte's first wife was a widow???
70.5%
Roald Amundsen was the first man to reach the South Pole???
66%
Mexico achieved independence before USA???
65.7%
Genghis Khan's real name was Temujin???
65.7%
The Crimean War was fought before the Boer Wars???
65.6%
Schuyler Colfax was Abraham Lincoln's Vice President???
64%
The Berlin Wall was constructed by East Germany???
63.3%
The Iron Age comes after the Bronze Age???
62.6%
Hint True/False % Correct
VJ Day occurred prior to VE Day???
62.1%
No US Presidents have been born in Missouri???
61.9%
Cleopatra had a child with Julius Caesar???
54.2%
The Ming Dynasty was the final Chinese Dynasty???
53.1%
The Parthenon was built before the Colossus of Rhodes???
52%
Norway separated from Sweden in the 20th Century???
50.6%
Blackbeard had a wooden leg???
48.6%
Sir Winston Churchill was a Labour Prime Minister???
47.4%
The White House was built before Big Ben???
46.9%
Stephenson's Rocket was the first steam locomotive???
46.1%
William Wallace lived before King Macbeth???
46%
Joan of Arc fought at the Battle of Agincourt???
43.4%
Alexander the Great became Pharaoh of Egypt???
43.2%
Billy the Kid never actually shot anyone dead???
42.7%
Wilbur Wright made the first successful powered flight???
41%

You're not logged in!

Compare scores with friends on all Sporcle quizzes.
OR
Log In

You Might Also Like...

Show Comments

Extras

Top Quizzes Today


Score Distribution

Your Account Isn't Verified!

In order to create a playlist on Sporcle, you need to verify the email address you used during registration. Go to your Sporcle Settings to finish the process.

Report this User

Report this user for behavior that violates our Community Guidelines.

Details: